000 00703cab a2200217 4500
001 WB2602-20
008 090401t1990 xxu||||| |||| 00| 0 eng d
035 _a(Sirsi) u52263
041 _aeng
245 _aSale of council housing welcomed
260 _c1990
350 _a0
490 _aDoE News Release
_vNo 8 4 January 1990 3 pages
520 _aSelling run-down council properties to private developers for improvement and sale to individual owners had been welcomed by both the new occupants and former tenants according to a research report.
650 _aCOUNCIL HOUSING
650 _aDISREPAIR
650 _aESTATE ACTION
690 _aHOUSING
942 _n0
948 _c04/03/1997
999 _c32413
_d32413